| 000 | 00440nam a22001577a 4500 | ||
|---|---|---|---|
| 999 |
_c479991 _d479991 |
||
| 003 | ASAB | ||
| 005 | 20200308165029.0 | ||
| 008 | 160203t xxu||||| |||| 00| 0 eng d | ||
| 038 | _aATTAULLAH | ||
| 040 | _cASAB | ||
| 082 | _a0 | ||
| 100 |
_aRooma khan-sup-Dr. Rumeza Hanif _928852 |
||
| 245 | _aTh-mphil-investigation of mutations in B-thalassaemic patients in the province of Khyber Pakhtunkhwa | ||
| 300 | _a70 P. | ||
| 942 |
_2ddc _cTHE |
||